Statistics for Which is the only country that... #1

Click here to take the quiz!

General Stats

  • This quiz has been taken 807 times
  • The average score is 7 of 10

Answer Stats

Which is the only country that...Answer% Correct
Doesn't border either Brazil or Argentina and is in South America?Ecuador
93%
Contains a cardinal direction in its name and is in Europe?North Macedonia
88%
Is on completely islands but borders 3 countries?(Excluding overseas territories)Indonesia
83%
Borders only 1 country but has a border over 8,000 km?Canada
82%
Has a land area less than 300 sq km and is in the Americas?Saint Kitts and Nevis
72%
Became a member of the UN in the 2010s?South Sudan
72%
Is double landlocked and has a land area over 100,000 sq km?Uzbekistan
62%
Contains the letter X in its name but not Mexico?Luxembourg
43%
Contains all 5 vowels and is only one word?Mozambique
42%
Doesn't contain red, blue, white on its flag and is in Asia?Sri Lanka
30%

Score Distribution

Percentile by Number Answered

Percent of People with Each Score

Your Score History

You have not taken this quiz